000 03016nam0a2200445 4500
001 RU\NLR\BIBL_A\012851234
005 20220809115827.0
010 _a978-5-7205-1817-2
_9500
021 _aRU
_bКН-П-22-029143
_9КН-П-22-2493
035 _a(NLR Aleph) 012851234
035 _a(RuMoRGB)011064152
090 _a12427981
_c12427981
100 _a20220720d2022 k y0rusy50 ca
101 0 _arus
_deng
102 _aRU
105 _ay|||z|||000zy
181 0 _ai4
_baxxe
182 0 _an
200 1 _aОсобенности оснований ответственности директоров корпораций в российском и англо-американском праве
_dBases of directors' liability in russian and anglo-american corporations
_eмонография
_fС. А. Шикин
_zeng
203 _aТекст
_bвизуальный
_cнепосредственный
210 _aМосква
_cЮстицинформ
_d2022
215 _a226 с.
_d21
300 _aАвт. также англ.: S. A. Shikin
300 _aНа 4-й с. обл. авт.: Шикин С.А. - канд. юрид. наук
300 _aРез. англ.
320 _aБиблиогр.: с. 194-226 (360 назв.) и в подстроч. примеч.
330 _aВ работе проведён правовой анализ гражданско-правовой ответственности единоличного исполнительного органа корпораций. Эта ответственность преломляется через призму фидуциарных обязанностей. В работе исследованы юрисдикции таких стран, как Австралия, Канада, Новая Зеландия, Великобритания и США. В настоящее время ситуация в России обусловлена некой неопределенностью в части диверсификации блока корпоративных норм и пробелов законодательства, а также вопросов судейского толкования степени вины директоров
333 _a16+
510 1 _6z11790
_aBases of directors' liability in russian and anglo-american corporations
_zeng
606 1 _aКоммерческие организации
_xРуководители
_xПравовое положение
_yРоссийская Федерация
_2nlr_sh2
_3RU\NLR\AUTH\661468599
606 1 _aКорпорации
_xУправление
_xПравовые вопросы
_2nlr_sh1
_2nlr_sh2
_3RU\NLR\AUTH\661416446
675 _a346.26(100)
_v4
686 1 _aХ830.14
686 1 _aХ623.012.09
700 1 _aШикин
_bС. А.
_gСергей Алексеевич
790 1 _6z11510
_aShikin
_bS. A.
_gSergej Alekseevic
942 _cBOOK
980 _aNB